Statistics for Countries Eagles has Visited

Click here to take the quiz!

General Stats

  • This quiz has been taken 5 times
  • The average score is 11 of 14

Answer Stats

ContinentCountry% Correct
North AmericaMexico
100%
OceaniaAustralia
80%
North AmericaCanada
80%
AsiaChina
80%
EuropeIreland
80%
EuropeItaly
80%
AsiaJapan
80%
EuropeNetherlands
80%
EuropeSpain
80%
EuropeSwitzerland
80%
EuropeUnited Kingdom
80%
North AmericaUnited States of America
80%
EuropeGermany
60%
AsiaSingapore
60%

Score Distribution

Percentile by Number Answered

Percent of People with Each Score

Your Score History

You have not taken this quiz